| 000 | 00661nam a2200217 a 4500 | ||
|---|---|---|---|
| 001 | BRCA_3808 | ||
| 005 | 20190320204431.0 | ||
| 008 | 221109s1843----fr-a######---#000-0#fre-# | ||
| 041 | _afre | ||
| 044 | _afr | ||
| 050 | 4 |
_aE111 _b.C19 1843 |
|
| 100 | 1 |
_aCampe, Joach. Heinr _d1746-1818. _99923 |
|
| 245 | 1 | 0 |
_aLa decouverte de l´ Amérique _cJ. H. Campe ; tr. de l´ allemand de Campe par P. C. Gérard. |
| 260 |
_aParís _bLamglumé et Peltier _c1843 |
||
| 300 |
_a308 p. _bil. , 3 láminas _c21 cm. |
||
| 500 | _aB169 | ||
| 651 | 4 |
_aÁmerica _vDescubrimiento y exploración. _99924 |
|
| 651 | 4 |
_aAmérica _vHistoria. _99925 |
|
| 902 | _aGFM | ||
| 942 |
_2lcc _cB |
||
| 999 |
_c3537 _d3537 |
||